Sampson's textbook of radiopharmacy / (Record no. 14138)
[ view plain ]
| 000 -LEADER | |
|---|---|
| fixed length control field | 01411cam a2200385 a 4500 |
| 001 - CONTROL NUMBER | |
| control field | 8205641 |
| 003 - CONTROL NUMBER IDENTIFIER | |
| control field | OSt |
| 005 - DATE AND TIME OF LATEST TRANSACTION | |
| control field | 20140310182531.0 |
| 006 - FIXED-LENGTH DATA ELEMENTS--ADDITIONAL MATERIAL CHARACTERISTICS--GENERAL INFORMATION | |
| fixed length control field | m d |
| 007 - PHYSICAL DESCRIPTION FIXED FIELD--GENERAL INFORMATION | |
| fixed length control field | cr n |
| 008 - FIXED-LENGTH DATA ELEMENTS--GENERAL INFORMATION | |
| fixed length control field | 110114s2011 enkae ob 001 0 eng d |
| 020 ## - INTERNATIONAL STANDARD BOOK NUMBER | |
| International Standard Book Number | 9780853697893 |
| 020 ## - INTERNATIONAL STANDARD BOOK NUMBER | |
| International Standard Book Number | 0853697892 |
| 035 ## - SYSTEM CONTROL NUMBER | |
| System control number | (WaSeSS)ssj0000472933 |
| 040 ## - CATALOGING SOURCE | |
| Original cataloging agency | UAT |
| Transcribing agency | UAT |
| Modifying agency | CDX |
| -- | LTSCA |
| -- | STJ |
| -- | DNLM |
| -- | WaSeSS |
| 042 ## - AUTHENTICATION CODE | |
| Authentication code | nlmcopyc |
| 050 04 - LIBRARY OF CONGRESS CALL NUMBER | |
| Classification number | RS 431 |
| Item number | .Sa192 2011 |
| 245 00 - TITLE STATEMENT | |
| Title | Sampson's textbook of radiopharmacy / |
| 246 1# - VARYING FORM OF TITLE | |
| Title proper/short title | Textbook of radiopharmacy |
| 250 ## - EDITION STATEMENT | |
| Edition statement | 4th ed. / |
| Remainder of edition statement | edited by Tony Theobald. |
| 260 ## - PUBLICATION, DISTRIBUTION, ETC. (IMPRINT) | |
| Place of publication, distribution, etc | London ; |
| -- | Chicago : |
| Name of publisher, distributor, etc | Pharmaceutical Press, |
| Date of publication, distribution, etc | 2011. |
| 300 ## - PHYSICAL DESCRIPTION | |
| Extent | 725 p. : |
| Other physical details | ill. (some col.) ; |
| Dimensions | 25 cm. |
| 500 ## - GENERAL NOTE | |
| General note | Includes bibliographical references and index. |
| 506 ## - RESTRICTIONS ON ACCESS NOTE | |
| Terms governing access | Licensed for access by U. of T. users. |
| 650 12 - SUBJECT ADDED ENTRY--TOPICAL TERM | |
| Topical term or geographic name as entry element | Radiopharmaceuticals |
| 9 (RLIN) | 9697 |
| 650 12 - SUBJECT ADDED ENTRY--TOPICAL TERM | |
| Topical term or geographic name as entry element | Nuclear Medicine |
| 9 (RLIN) | 9323 |
| 650 22 - SUBJECT ADDED ENTRY--TOPICAL TERM | |
| Topical term or geographic name as entry element | Radioisotopes |
| 650 22 - SUBJECT ADDED ENTRY--TOPICAL TERM | |
| Topical term or geographic name as entry element | Facility Regulation and Control |
| General subdivision | legislation & jurisprudence |
| 9 (RLIN) | 9698 |
| 700 1# - ADDED ENTRY--PERSONAL NAME | |
| Personal name | Theobald, A. E. |
| 9 (RLIN) | 9699 |
| 700 1# - ADDED ENTRY--PERSONAL NAME | |
| Personal name | Sampson, Charles B. |
| Title of a work | Textbook of radiopharmacy. |
| 9 (RLIN) | 9700 |
| 856 40 - ELECTRONIC LOCATION AND ACCESS | |
| Link text | Coutts MyiLibrary Individual E-Books - Single User |
| Uniform Resource Identifier | <a href="http://myaccess.library.utoronto.ca/login?url=http://www.myilibrary.com?ID=296683">http://myaccess.library.utoronto.ca/login?url=http://www.myilibrary.com?ID=296683</a> |
| 942 ## - ADDED ENTRY ELEMENTS (KOHA) | |
| Source of classification or shelving scheme | Library of Congress Classification |
| Koha item type | |
| Call number prefix | |
| 949 ## - LOCAL PROCESSING INFORMATION (OCLC) | |
| a | RS431.R34 [ID ssj0000472933] |
| c | 1 |
| l | ONLINE |
| m | E_RESOURCE |
| t | E_RESOURCE |
| Withdrawn status | Lost status | Source of classification or shelving scheme | Damaged status | Home library | Current library | Shelving location | Date acquired | Total Checkouts | Full call number | Barcode | Date last seen | Copy number | Price effective from | Koha item type |
|---|---|---|---|---|---|---|---|---|---|---|---|---|---|---|
| Library of Congress Classification | South SEED-LPDH College Library | South SEED-LPDH College Library | South SEED-LPDH College Section | 08/13/2013 | RS 431 .Sa192 2011 | SSLC0514 | 04/20/2017 | 1 | 08/13/2013 | Books |